书目信息 |
| 题名: |
客户服务中心人员管理
|
|
| 作者: | 道西利奥, 著 ;袁芳 译 | |
| 分册: | ||
| 出版信息: | 北京 机械工业出版社 2004.03 |
|
| 页数: | 156页 | |
| 开本: | 22cm | |
| 丛书名: | 客户服务实务丛书 | |
| 单 册: | ||
| 中图分类: | F274 | |
| 科图分类: | ||
| 主题词: | 企业管理:销售管理--商业服务 | |
| 电子资源: | ||
| ISBN: | 7-111-13676-4 | |
| 000 | 01251nam 2200313 45 | |
| 001 | 192004002745 | |
| 005 | 20070906154927.64 | |
| 010 | @a7-111-13676-4@dCNY28.00 | |
| 100 | @a20070601d2004 ekmy0chiy0121 ea | |
| 101 | 1 | @achi@ceng |
| 102 | @aCN@b110000 | |
| 105 | @aa a 000yy | |
| 200 | 1 | @a客户服务中心人员管理@Ake hu fu wu zhong xin ren yuan guan li@f(美) 罗赞娜·道西利奥著@d= Wake up your call center@fRosanne D' Ausilio@g袁芳译@zeng |
| 210 | @a北京@c机械工业出版社@d2004.03 | |
| 215 | @a156页@c图@d22cm | |
| 225 | 2 | @a客户服务实务丛书@Ake hu fu wu shi wu cong shu |
| 300 | @a并列题名:Wake up your call center | |
| 305 | @a译自原书第3版 | |
| 306 | @a本书中文简体字版由Purdue University Press授权机械工业出版社在中华人民共和国境内独家出版发行。 | |
| 320 | @a有书目 (第152-154页) | |
| 330 | @a本书为客户提供了全面实用的思路和技巧,在承受压力、适应变化、自我激励、倾听技巧、优质服务、专业技能和人性化等方面提出了崭新的观点。 | |
| 410 | 0 | @12001 @a客户服务实务丛书 |
| 510 | 1 | @aWake up your call center@zeng |
| 606 | 0 | @a企业管理:销售管理@x商业服务 |
| 690 | @aF274@v4 | |
| 701 | 1 | @a道西利奥,@Adao xi li ao@bR.@g(D' Ausilio, Rosanne)@4著 |
| 702 | 0 | @a袁芳@Ayuan fang@4译 |
| 801 | 0 | @aCN@c20070906 |
| 905 | @dF274@eD193 | |
| 客户服务中心人员管理/(美) 罗赞娜·道西利奥著= Wake up your call center/Rosanne D' Ausilio/袁芳译.-北京:机械工业出版社,2004.03 |
| 156页:图;22cm.-(客户服务实务丛书) |
| 并列题名:Wake up your call center |
| ISBN 7-111-13676-4:CNY28.00 |
| 本书为客户提供了全面实用的思路和技巧,在承受压力、适应变化、自我激励、倾听技巧、优质服务、专业技能和人性化等方面提出了崭新的观点。 |
| ● |
| 相关链接 |
|
|
|
正题名:客户服务中心人员管理
索取号:F274/D193
 
预约/预借
| 序号 | 登录号 | 条形码 | 馆藏地/架位号 | 状态 | 备注 |
| 1 | 621593 | 206215932 | 社科库409/409社科库 93排2列4层/ [索取号:F274/D193] | 在馆 | |
| 2 | 621594 | 206215941 | 社科库409/409社科库 93排2列4层/ [索取号:F274/D193] | 在馆 | |
| 3 | 621595 | 206215950 | 社科库409/409社科库 93排2列4层/ [索取号:F274/D193] | 在馆 |